[Event "Lethbridge op"]
[Site "Lethbridge"]
[Date "2009.04.04"]
[Round "1"]
[White "Zeggelaar, Mike"]
[Black "Pisanski, Peter"]
[Result "1/2-1/2"]
[WhiteElo "1834"]
[BlackElo "1369"]
[PlyCount "110"]
[EventDate "2009.04.04"]
[EventType "swiss"]
[EventRounds "5"]
[EventCountry "CAN"]
[SourceTitle "EXT 2011"]
[Source "ChessBase"]
[SourceDate "2010.11.26"]
[SourceVersion "1"]
[SourceVersionDate "2010.11.26"]
[SourceQuality "1"]

1. e4 e5 2. Nf3 Nc6 3. Bb5 a6 4. Ba4 Nf6 5. 0-0 Be7 6. Re1 b5 7. Bb3 0-0 8. c3 d5 9. exd5 Nxd5 10. Nxe5 Nxe5 11. Rxe5 Bb7 12. d4 Bd6 13. Rh5 Re8 14. Bg5 Qd7 15. Nd2 Nf4 16. Bxf4 Bxf4 17. Bc2 Bxd2 18. Qxd2 Qg4 19. Rg5 Re2 20. Rxg4 Rxd2 21. Be4 Bxe4 22. Rxe4 Rxb2 23. Rae1 g6 24. R4e2 Rxe2 25. Rxe2 Kf8 26. Kf1 f5 27. Re6 Kf7 28. Rc6 Ra7 29. Ke2 Ke7 30. Kf3 a5 31. a3 Kd7 32. d5 b4 33. cxb4 axb4 34. axb4 Rb7 35. Rc4 Kd6 36. Rd4 Ke5 37. Ke3 g5 38. f4+ gxf4+ 39. Rxf4 Ra7 40. g3 Ra3+ 41. Kf2 Ra2+ 42. Kg1 Rb2 43. h4 h5 44. Rc4 Kd6 45. Rc6+ Kxd5 46. Rxc7 Rxb4 47. Kg2 f4 48. Rh7 fxg3 49. Rxh5+ Ke6 50. Kxg3 Rb3+ 51. Kf4 Rb4+ 52. Ke3 Rb3+ 53. Kd4 Kf6 54. Rh8 Kg7 55. Rd8 Rb4+ 1/2-1/2